000 02742cam a22004098i 4500
001 21588059
003 OSt
005 20230921133919.0
008 200625s2020 nyu b 001 0 eng
010 _a 2020028254
020 _a9780367335465
_q(hardback)
020 _a9780367337810
_q(paperback)
020 _z9780429321856
_q(ebook)
040 _aDLC
_beng
_erda
_cDLC
042 _apcc
043 _ai------
050 0 0 _aDS338
_b.A697 2021
082 0 0 _a909.09824
_bRAY/A
245 0 4 _aThe archaeology of knowledge traditions of the Indian Ocean World /
_cedited by Himanshu Prabha Ray.
263 _a2011
264 1 _aAbingdon, Oxon ;
_aNew York :
_bRoutledge,
_c[2021]
300 _a270 pages
336 _atext
_btxt
_2rdacontent
337 _aunmediated
_bn
_2rdamedia
338 _avolume
_bnc
_2rdacarrier
504 _aIncludes bibliographical references and index.
520 _a"This book examines knowledge traditions that held together the fluid and overlapping maritime worlds of the Indian Ocean in the pre-modern period, as evident in the material and archaeological record. It breaks new ground by shifting the focus from studying cross-pollination of ideas from textual sources to identifying this exchange of ideas in the archaeological and historical record. The themes covered in the book include conceptualization of the seas and maritime landscapes in Sanskrit, Arabic and Chinese narratives; materiality of knowledge production as indicated in the archaeological record of communities where writing on stone first appears; and anchoring the coasts, not only through an understanding of littoral shrines and ritual landscapes, but also by an analysis of religious imagery on coins, more so at the time of the introduction of new religions such as Islam in the Indian Ocean around the eighth century. This volume will be of great interest to researchers and scholars of archaeology, anthropology, museum and heritage studies, Indian Ocean studies, maritime studies, South and Southeast Asian studies, religious studies, and cultural studies"--
_cProvided by publisher.
650 0 _aArchaeology and history
_zIndian Ocean Region.
651 0 _aIndian Ocean Region
_xAntiquities.
651 0 _aIndian Ocean Region
_xIntellectual life.
651 0 _aIndian Ocean Region
_xCivilization.
700 1 _aRay, Himanshu Prabha
_eeditor.
_99554
776 0 8 _iOnline version:
_tThe archaeology of knowledge traditions of the Indian Ocean World
_dAbingdon, Oxon ; New York : Routledge, [2021]
_z9780429321856
_w(DLC) 2020028255
906 _a7
_bcbc
_corignew
_d1
_eecip
_f20
_gy-gencatlg
942 _2ddc
_cBK
_h909.09824
_iRAY/A
_k909.09824
_mRAY/A
999 _c42230
_d42230